书目信息 |
| 题名: |
电工电子应用技术
|
|
| 作者: | 史仪凯 主编 | |
| 分册: | ||
| 出版信息: | 北京 科学出版社 2005 |
|
| 页数: | 298页 | |
| 开本: | 24cm | |
| 丛书名: | ||
| 单 册: | ||
| 中图分类: | TM-43 , TN01 , TM1 | |
| 科图分类: | ||
| 主题词: | 电工技术--高等学校--教材 , 电子技术--高等学校--教材 , 电子技术 , 电工--理论 | |
| 电子资源: | ||
| ISBN: | 7-03-014162-8 | |
| 000 | 01117nam0 2200325 450 | |
| 000 | 01100nam0 2200313 450 | |
| 000 | 01032nam0 2200289 450 | |
| 000 | 00996nam0 2200277 45 | |
| 005 | 20070527112914.92 | |
| 010 | @a7-03-014162-8@dCNY69.00(全3册) | |
| 100 | @a20070419d2005 em y0chiy0120 ea | |
| 101 | 0 | @achi |
| 102 | @aCN@b110000 | |
| 105 | @ay z 000yy | |
| 200 | 1 | @a电工电子应用技术@ADian Gong Dian Zi Ying Yong Ji Shu@e电工学 III@EDian Gong Xue III@f史仪凯主编@FShi Yi Kai Zhu Bian |
| 210 | @a北京@c科学出版社@d2005 | |
| 215 | @a298页@d24cm | |
| 300 | @a21世纪高等院校教材 | |
| 330 | @a本书讲述了交流电动机、直流电动机、控制电动机、电气自动控制技术、可编程控制器原理与应用、电力电子技术基础等内容。每章均附有练习与思考题,书后附有试题和部分答案。 | |
| 517 | 1 | @a电工学 III@ADian Gong Xue III |
| 606 | 0 | @a电工技术@x高等学校@j教材 |
| 606 | 0 | @a电子技术@x高等学校@j教材 |
| 606 | 0 | @a电子技术 |
| 606 | 0 | @a电工@x理论 |
| 690 | @aTM-43@v4 | |
| 690 | @aTN01@v4 | |
| 690 | @aTM1@v3 | |
| 701 | 0 | @a史仪凯@AShi Yi Kai@4主编 |
| 801 | 0 | @aCN@bTAOJIN@c20070527 |
| 905 | @a10447@dTM1@e147 | |
| 电工电子应用技术:电工学 III/史仪凯主编.-北京:科学出版社,2005 |
| 298页;24cm |
| 21世纪高等院校教材 |
| ISBN 7-03-014162-8:CNY69.00(全3册) |
| 本书讲述了交流电动机、直流电动机、控制电动机、电气自动控制技术、可编程控制器原理与应用、电力电子技术基础等内容。每章均附有练习与思考题,书后附有试题和部分答案。 |
| ● |
| 相关链接 |
|
|
|
|
正题名:电工电子应用技术
索取号:TM1/147
 
预约/预借
| 序号 | 登录号 | 条形码 | 馆藏地/架位号 | 状态 | 备注 |
| 1 | 0522858 | 205228582 | 第二样本阅览室/ [索取号:TM1/147] | 在馆 | |
| 2 | 0522859 | 205228591 | 第三借阅区/ [索取号:TM1/147] | 在馆 | |
| 3 | 0522860 | 205228608 | 第三借阅区/ [索取号:TM1/147] | 在馆 | |
| 4 | 0522861 | 205228617 | 第三借阅区/ [索取号:TM1/147] | 在馆 | |
| 5 | 0522862 | 205228626 | 第三借阅区/ [索取号:TM1/147] | 在馆 | |
| 6 | 0522863 | 205228635 | 第三借阅区/ [索取号:TM1/147] | 在馆 | |
| 7 | 0522864 | 205228644 | 第三借阅区/ [索取号:TM1/147] | 在馆 | |
| 8 | 0522865 | 205228653 | 第三借阅区/ [索取号:TM1/147] | 在馆 |